000 00777nam a2200241Ia 4500
003 OSt
005 20220925220918.0
006 a|||||r|||| 00| 0
007 ta
008 220923b |||||||| |||| 00| 0 eng d
020 _a9780333994436
_c528.01999999999998
037 _bABPL/AD/14-15/66, 19/02/2015, Ane Books Pvt Ltd
_cGeneral Book
040 _aRTL
_cRTL
_beng
041 _2eng
_aeng
082 _aX:51-8, P0
245 0 _aMARKETING MANAGEMENTt
_b A relationship marketing perspective.
260 _aLondon
_bMacmillan Press
_c2000
300 _axviii, 295p
_ccm.
500 _aBibliography: P 393-410
650 _aCommerce
942 _hX:51-8, P0
_cGB
_2CC
999 _c572815
_d572815